000 00357pam a2200145 a 4500
020 _c
041 _aeng
082 _a004.16
_bMIR
100 _aMirsky G.,
_eauthor.
245 _aMicroprocessors and Instrumentation
_hDonate Books
260 _aUSSR:
_bMIR Publishers.,
_c1987.
300 _a232:
_bp.b.;
_c20*12.
653 _aMicrocomputer
930 _a15688
999 _c58909
_d58909